00575nam a2200157Ia 450000500170000000800410001708200130005810000200007124500240009126000480011530000170016350001210018094200060030195200950030799900150040220241127005036.0240331s9999 xx 000 0 und d bKAIa894 aKailasapathy, K 0aTamil heroic poetry aColombo- ChennaibKumaran Books Housec2002 aXV, 282 p ., aThis is a study of the heroic poetry of an ancient people of South India Which has hitherto been largely neglected. cL 001040708LaWERCLbWERCLcSSCd2024-03-31l0o 894 KAIp4886r2024-03-31w2024-03-31yL c3404d3404